Central Library OPAC University of Rajshahi

Studies on the Algal Flora of Chalan Beel in Relation to its Physico-Chemical Conditions / (Record no. 83747)

MARC details
000 -LEADER
fixed length control field 00878nam a2200241 a 4500
001 - CONTROL NUMBER
RUCL Control Number 83747
003 - CONTROL NUMBER IDENTIFIER
rucl marc code BD-RjUL
005 - DATE AND TIME OF LATEST TRANSACTION
control field 20240515100726.0
008 - FIXED-LENGTH DATA ELEMENTS--GENERAL INFORMATION
fixed length control field 240515s1991 bg a|||| m||| 00| 0 eng d
035 ## - SYSTEM CONTROL NUMBER
system control number (BD-RjUL)83747
040 ## - CATALOGING SOURCE
Original cataloging agency BD-RjUL
Language of cataloging eng
Transcribing agency BD-RjUL
Modifying agency BD-RjUL
041 ## - LANGUAGE CODE
Language code of Book eng
082 ## - DEWEY DECIMAL CLASSIFICATION NUMBER
DDC Edition number 23
Classification number 580
Author mark and Year ZAS 1991
100 ## - MAIN ENTRY--PERSONAL NAME
Personal name Zaman, Md.
245 10 - TITLE STATEMENT
Title Studies on the Algal Flora of Chalan Beel in Relation to its Physico-Chemical Conditions /
Statement of responsibility, etc Md. Zaman ;
Name of Supervisor/Co-Supervisor Supervisor : Anisur Rahman
260 ## - PUBLICATION, DISTRIBUTION, ETC. (IMPRINT)
Place of publication, distribution, etc Rajshahi :
Name of publisher, distributor, etc Department of Botany, University of Rajshahi,
Date of publication, distribution, etc 1991
300 ## - PHYSICAL DESCRIPTION
Pagination [20], viii, 441 Leaves :
Other physical details iil, ;
Dimensions 29 cm.
502 ## - DISSERTATION NOTE
Dissertation note Thesisi (Ph. D.) -- Department of Botany, University of Rajshahi, 1991
504 ## - BIBLIOGRAPHY, ETC. NOTE
Bibliography, etc References : Leaves 360-383
650 ## - SUBJECT ADDED ENTRY--TOPICAL TERM
Topical term or geographic name as entry element Chalan Beel
Form subdivision Physico-Chemical
9 (RLIN) 13017
700 ## - ADDED ENTRY--SUPERVISOR/CO-SUPERVISOR NAME
Personal name Rahman, Anisur, Supervisor
9 (RLIN) 13018
942 ## - ADDED ENTRY ELEMENTS (KOHA)
Source of classification or shelving scheme Dewey Decimal Classification
Koha item type Theses
Holdings
Source of classification or shelving scheme Damaged status Not for loan Collection code Permanent Location Current Location Shelving location Date of accession Source of acquisition Total Checkouts Full call number Barcode Date last seen Copy number Thesis
Dewey Decimal Classification   Not For Loan Theses Central Library, University of Rajshahi Central Library, University of Rajshahi Documentation Section 23/10/1991 Controller of Exam. R. U.   THE 580 ZAS 1991 D1557 15/05/2024 C-I Theses